[Event "4NCL-9899B WR-GD"]
[Site "Rd4-Birmingham"]
[Date "1998.11.22"]
[Round "4.4"]
[White "Powell, J Lloyd"]
[Black "Barrett, Stephen"]
[Result "1-0"]
[WhiteElo "2152"]
[BlackElo "2240"]
[PlyCount "103"]
[EventDate "1998.11.22"]

1. d4 Nf6 2. c4 g6 3. Nc3 Bg7 4. e4 d6 5. Be2 O-O 6. Nf3 Bg4 7. O-O Nfd7 8. Be3
c5 9. d5 Qa5 10. Nd2 Bxe2 11. Qxe2 Na6 12. f4 Rae8 13. Nf3 Qd8 14. Rad1 Nc7 15.
e5 b6 16. Bc1 f5 17. Kh1 a6 18. a4 Qb8 19. Rfe1 b5 20. axb5 axb5 21. cxb5 h6
22. Qf2 dxe5 23. fxe5 Nxb5 24. e6 Nf6 25. Qh4 Nxc3 26. bxc3 Ng4 27. Rf1 Bf6 28.
Qe1 g5 29. h3 Ne5 30. Qe2 Ng6 31. Qd3 Bg7 32. Qc4 Qg3 33. Rd3 Qd6 34. Be3 Rc8
35. Rdd1 Kh8 36. Bg1 Ne5 37. Qe2 Nxf3 38. Qxf3 Qe5 39. c4 Qc3 40. Qe2 Qf6 41.
Rb1 Qe5 42. Qc2 g4 43. Rb3 h5 44. Re3 Qf6 45. Bh2 Qd4 46. Re2 gxh3 47. gxh3 Qh4
48. Qd3 f4 49. Rg2 f3 50. Rxg7 Kxg7 51. Rg1+ Kh8 52. Qg6 1-0

[Event "4NCL-9899B WR-GD"]
[Site "Rd4-Birmingham"]
[Date "1998.11.22"]
[Round "4.5"]
[White "Gayson, Peter"]
[Black "Saunders, W Nigel"]
[Result "1-0"]
[WhiteElo "2250"]
[BlackElo "2155"]
[PlyCount "71"]
[EventDate "1998.11.22"]

1. e4 e6 2. d4 d5 3. Nd2 Nf6 4. e5 Nfd7 5. Bd3 b6 6. Ngf3 Ba6 7. Bxa6 Nxa6 8.
c3 Be7 9. O-O O-O 10. Qe2 Qc8 11. Rd1 c5 12. Nf1 Nc7 13. Bf4 Qa6 14. Qe3 b5 15.
Ng3 Qb6 16. Nh5 Ne8 17. Re1 b4 18. Ng5 Qd8 19. Rad1 bxc3 20. bxc3 Rb8 21. Qg3
g6 22. Re3 cxd4 23. cxd4 Ng7 24. Nxg7 Kxg7 25. Qh4 Rh8 26. Qg4 Rb6 27. Rf3 h5
28. Qg3 Rf8 29. Bd2 Rb2 30. Rxf7+ Kg8 31. Nxe6 Kxf7 32. Nxd8+ Bxd8 33. e6+ Kxe6
34. Qxg6+ Rf6 35. Re1+ Kd6 36. Qg3+ 1-0

[Event "4NCL-9899B WR-GD"]
[Site "Rd4-Birmingham"]
[Date "1998.11.22"]
[Round "4.6"]
[White "Miles, Richard"]
[Black "Burnett, James"]
[Result "0-1"]
[WhiteElo "2084"]
[BlackElo "2104"]
[PlyCount "92"]
[EventDate "1998.11.22"]

1. d4 d5 2. c4 e6 3. Nf3 c6 4. e3 Nf6 5. Nc3 Nbd7 6. Qc2 Bd6 7. Be2 O-O 8. O-O
Re8 9. a3 Qe7 10. h3 dxc4 11. Bxc4 e5 12. Ba2 Bc7 13. Ng5 Rf8 14. Nd5 cxd5 15.
Qxc7 Ne8 16. Qc2 Qxg5 17. dxe5 Qxe5 18. Bd2 Nef6 19. Bc3 Qe4 20. Qe2 Re8 21.
Rad1 b6 22. Bb1 Qe6 23. Rd4 Bb7 24. Rfd1 Rad8 25. b4 Ne5 26. Ba1 Rc8 27. Rf4
Qe7 28. Rf5 Ned7 29. Qd3 g6 30. Rf4 Nh5 31. Rd4 Ne5 32. Qe2 f5 33. Ba2 Nf6 34.
g4 fxg4 35. hxg4 h6 36. Rf4 Rf8 37. f3 Kh7 38. Bd4 Nfd7 39. Rxf8 Rxf8 40. f4
Nc4 41. Rf1 Nf6 42. g5 Ne4 43. Qh2 h5 44. Kh1 Ned2 45. f5 Nxf1 46. fxg6+ Kg8
0-1

[Event "4NCL-9899B WR-GD"]
[Site "Rd4-Birmingham"]
[Date "1998.11.22"]
[Round "4.7"]
[White "White, Mark"]
[Black "Walden-Jones, Andrew"]
[Result "1-0"]
[WhiteElo "2175"]
[BlackElo "1965"]
[PlyCount "73"]
[EventDate "1998.11.22"]

1. e4 c6 2. Nc3 d5 3. Qf3 e6 4. exd5 exd5 5. d4 Bd6 6. Bd3 Qf6 7. Qxf6 Nxf6 8.
Nge2 Bg4 9. f3 Bh5 10. Bf4 Bxf4 11. Nxf4 Nbd7 12. O-O-O Bg6 13. Rde1+ Kd8 14.
Re2 Re8 15. Rhe1 Nf8 16. Bxg6 Rxe2 17. Ncxe2 hxg6 18. Nd3 N8d7 19. Nef4 Nh5 20.
Nh3 f5 21. Ng5 Nf8 22. Ne6+ Nxe6 23. Rxe6 Nf6 24. h4 Ne8 25. Rxg6 Ke7 26. h5
Rd8 27. h6 gxh6 28. Rxh6 Kf7 29. Ne5+ Kg7 30. Rg6+ Kf8 31. g4 fxg4 32. fxg4 Nd6
33. Rf6+ Kg7 34. g5 a6 35. c3 a5 36. a4 b6 37. Nxc6 1-0

[Event "4NCL-9899B WR-GD"]
[Site "Rd4-Birmingham"]
[Date "1998.11.22"]
[Round "4.8"]
[White "Gale, Helen"]
[Black "Forbes, Cathy"]
[Result "0-1"]
[WhiteElo "1445"]
[BlackElo "2110"]
[PlyCount "76"]
[EventDate "1998.11.22"]

1. Nc3 d5 2. e4 d4 3. Nce2 e5 4. d3 Bd6 5. f4 Bg4 6. Qd2 Nh6 7. fxe5 Bxe5 8.
Qb4 Nc6 9. Qxb7 Bd7 10. Bxh6 Rb8 11. Qa6 Qh4+ 12. g3 Qxh6 13. Bh3 Bxh3 14. Nxh3
O-O 15. Nf2 Rxb2 16. Ng4 Qd6 17. Nxe5 Qb4+ 18. c3 Rxe2+ 19. Kxe2 Qb2+ 20. Kf1
Qxa1+ 21. Kg2 Qb2+ 22. Kh3 Nxe5 23. cxd4 Qxd4 24. Rd1 h5 25. Qb5 c6 26. Qb3 Ng4
27. Rf1 Qd7 28. Rf4 Ne3+ 29. Kh4 Ng2+ 30. Kg5 Nxf4 31. Kxf4 Qe6 32. Qa4 f5 33.
e5 Rd8 34. Qxa7 Rxd3 35. Qb8+ Kh7 36. Qb4 Qh6+ 37. Kxf5 Rf3+ 38. Ke4 Qe3# 0-1

[Event "4NCL-9899B BIG2-BCCA"]
[Site "Rd5-Birmingham"]
[Date "1999.01.23"]
[Round "5.1"]
[White "Mason, Don"]
[Black "Carleton, John"]
[Result "1/2-1/2"]
[WhiteElo "2295"]
[BlackElo "2280"]
[PlyCount "49"]
[EventDate "1999.01.23"]

1. e4 Nf6 2. e5 Nd5 3. d4 d6 4. Nf3 Bg4 5. Be2 e6 6. c4 Nb6 7. O-O Be7 8. Nc3
O-O 9. Be3 Nc6 10. exd6 cxd6 11. d5 exd5 12. Nxd5 Nxd5 13. cxd5 Bxf3 14. Bxf3
Ne5 15. Be2 Bf6 16. Qb3 Qe7 17. Rac1 Ng6 18. Bd3 Bg5 19. Bxg6 hxg6 20. Bxg5
Qxg5 21. Qxb7 Rab8 22. Qxa7 Rxb2 23. Qa3 Rd2 24. Qxd6 Rxd5 25. Qc6 1/2-1/2

[Event "4NCL-9899B BIG2-BCCA"]
[Site "Rd5-Birmingham"]
[Date "1999.01.23"]
[Round "5.2"]
[White "Tait, Jonathan"]
[Black "Dighton, Simon"]
[Result "1-0"]
[WhiteElo "2185"]
[BlackElo "2235"]
[PlyCount "73"]
[EventDate "1999.01.23"]

1. e4 e6 2. d4 d5 3. Nc3 Bb4 4. e5 c5 5. a3 Bxc3+ 6. bxc3 Ne7 7. Qg4 O-O 8. Bd3
f5 9. exf6 Rxf6 10. Bg5 Rf7 11. Qh5 g6 12. Qd1 Nbc6 13. Nf3 Qc7 14. O-O e5 15.
Nxe5 Nxe5 16. dxe5 Qxe5 17. Qd2 Nf5 18. Rfe1 Qd6 19. Re8+ Rf8 20. Rae1 Bd7 21.
Rxa8 Rxa8 22. Bf4 Qf6 23. Bxf5 Qxf5 24. Re5 Qf7 25. Rxd5 Re8 26. Be3 Bc6 27.
Rxc5 Qe7 28. Qd4 Rd8 {(Draw offer)} 29. Qc4+ Qf7 30. Qe2 b6 31. Re5 Qa2 32. h3
Qa1+ 33. Kh2 Qxc3 34. Bg5 Rf8 35. Re7 Bd5 36. Bh6 Bc4 37. Qe4 1-0

[Event "4NCL-9899B BIG2-BCCA"]
[Site "Rd5-Birmingham"]
[Date "1999.01.23"]
[Round "5.3"]
[White "Thomas, Nick"]
[Black "Waters, Clive"]
[Result "1-0"]
[WhiteElo "2225"]
[BlackElo "2160"]
[PlyCount "47"]
[EventDate "1999.01.23"]

1. e4 c6 2. d4 d5 3. Nd2 dxe4 4. Nxe4 Bf5 5. Ng3 Bg6 6. f4 e6 7. Nf3 Nd7 8. Bd3
Qc7 9. O-O Bd6 10. Ne5 Bxd3 11. Qxd3 Ngf6 12. Be3 Nd5 13. Rae1 f5 14. Nxd7 Kxd7
15. c4 Nb4 16. Qb1 Rhf8 17. a3 Na6 18. b4 g6 19. Qb3 Rae8 20. Bd2 Rf7 21. Ne2
Qb8 22. Nc1 Nc7 23. Nd3 b5 24. c5 1-0

[Event "4NCL-9899B BIG2-BCCA"]
[Site "Rd5-Birmingham"]
[Date "1999.01.23"]
[Round "5.4"]
[White "Toothill, John"]
[Black "Hadzimanolis, Antonis"]
[Result "1-0"]
[WhiteElo "2225"]
[BlackElo "2190"]
[PlyCount "99"]
[EventDate "1999.01.23"]

1. e4 e5 2. Nf3 Nc6 3. Bb5 a6 4. Ba4 Nf6 5. O-O Be7 6. Re1 b5 7. Bb3 O-O 8. a4
Bb7 9. d3 d6 10. c3 Na5 11. Bc2 c5 12. Nbd2 Qc7 13. Nf1 Rfe8 14. Ng3 g6 15. Bg5
b4 16. Rc1 bxc3 17. bxc3 Bc8 18. h3 Rb8 19. Nh2 Be6 20. d4 Bb3 21. Qf3 Kg7 22.
Bd3 Bxa4 23. Bxf6+ Bxf6 24. Ng4 Bg5 25. Ra1 Bb5 26. h4 Bxh4 27. Qe3 Kh8 28. Qh6
Be7 29. Nf5 Bf8 30. Qh4 gxf5 31. Nf6 h6 32. Bxb5 axb5 33. Qh5 Re6 34. Nd5 Qb7
35. exf5 Nb3 36. fxe6 fxe6 37. Nf6 Nxa1 38. Rxa1 exd4 39. cxd4 Qg7 40. Ne4 cxd4
41. Ra3 Qe5 42. Qh4 d5 43. Nf6 Qe1+ 44. Kh2 Bd6+ 45. g3 Qxf2+ 46. Kh3 Qf1+ 47.
Kh2 Qf2+ 48. Kh3 Bf8 49. Ra7 Bg7 50. Qxh6+ 1-0

[Event "4NCL-9899B BIG2-BCCA"]
[Site "Rd5-Birmingham"]
[Date "1999.01.23"]
[Round "5.5"]
[White "Evans, Raymond"]
[Black "Hall, RVM."]
[Result "1/2-1/2"]
[WhiteElo "2159"]
[BlackElo "2120"]
[PlyCount "64"]
[EventDate "1999.01.23"]

1. e4 e6 2. d4 d5 3. Nc3 Bb4 4. e5 Ne7 5. Nf3 c5 6. dxc5 Nbc6 7. Bd3 Ng6 8.
Bxg6 hxg6 9. O-O Bxc5 10. Bf4 Bd7 11. a3 Rc8 12. Qd3 a6 13. Rfe1 Qb6 14. Nd1
Nd4 15. Nxd4 Bxd4 16. c3 Bc5 17. b4 Be7 18. Be3 Qb5 19. Qd2 Qc4 20. Bd4 Bb5 21.
Nb2 Qc6 22. a4 Bc4 23. a5 Bb5 24. Nd3 Bxd3 25. Qxd3 Qc4 26. Qxc4 Rxc4 27. Rab1
Kd7 28. b5 Rhc8 29. bxa6 bxa6 30. Rb6 R8c6 31. Rb7+ Rc7 32. Rb6 R7c6 1/2-1/2

[Event "4NCL-9899B BIG2-BCCA"]
[Site "Rd5-Birmingham"]
[Date "1999.01.23"]
[Round "5.6"]
[White "Hardman, Michael"]
[Black "Regan, Natasha"]
[Result "1/2-1/2"]
[WhiteElo "1928"]
[BlackElo "2151"]
[PlyCount "60"]
[EventDate "1999.01.23"]

1. e4 Nf6 2. e5 Nd5 3. c4 Nb6 4. c5 Nd5 5. Nc3 c6 6. d4 d6 7. cxd6 exd6 8. Nf3
dxe5 9. Nxe5 Bb4 10. Bd2 O-O 11. Bd3 c5 12. O-O cxd4 13. Nxd5 Bxd2 14. Qxd2
Qxd5 15. Rfe1 Be6 16. Be4 Qb5 17. Qxd4 Nc6 18. Nxc6 bxc6 19. Rac1 Rfd8 20. Qc3
Bd5 21. Bxd5 cxd5 22. Qd4 a5 23. g3 h6 24. Re7 Rac8 25. Rxc8 Rxc8 26. Qf4 Rf8
27. Qf5 Qb4 28. Rd7 d4 29. b3 Qd2 30. a4 Qd1+ 1/2-1/2

[Event "4NCL-9899B BIG2-BCCA"]
[Site "Rd5-Birmingham"]
[Date "1999.01.23"]
[Round "5.7"]
[White "Galloway, Iain"]
[Black "Phillips, David A"]
[Result "1/2-1/2"]
[WhiteElo "2135"]
[BlackElo "2000"]
[PlyCount "85"]
[EventDate "1999.01.23"]

1. e4 d5 2. exd5 Nf6 3. Bb5+ Bd7 4. Bc4 Bg4 5. Nf3 Nxd5 6. Nc3 e6 7. d4 Nc6 8.
O-O Be7 9. Be2 O-O 10. Re1 a6 11. Ne4 Nf6 12. Nxf6+ Bxf6 13. c3 Qd6 14. Qb3
Rab8 15. Be3 b5 16. Rad1 Na5 17. Qc2 Nc4 18. Bc1 Rfd8 19. b3 Nb6 20. Ng5 Bxg5
21. Bxg5 Bxe2 22. Qxe2 Re8 23. Qg4 Nd5 24. Rd3 Ne7 25. Ree3 Ng6 26. h4 f5 27.
Qf3 Qd5 28. Qe2 h6 29. h5 f4 30. Re4 Qxg5 31. hxg6 Qxg6 32. Rxf4 e5 33. dxe5
Rxe5 34. Qxe5 Qxd3 35. Rf3 Qd1+ 36. Kh2 Qd6 37. Qxd6 cxd6 38. Rd3 Rd8 39. Rd4
Kf7 40. a4 Ke6 41. axb5 axb5 42. Kg3 Rc8 43. Rd3 1/2-1/2

[Event "4NCL-9899B BIG2-BCCA"]
[Site "Rd5-Birmingham"]
[Date "1999.01.23"]
[Round "5.8"]
[White "Barnes, Lara"]
[Black "Cast, Abigail"]
[Result "1/2-1/2"]
[WhiteElo "1608"]
[BlackElo "2130"]
[PlyCount "89"]
[EventDate "1999.01.23"]

1. e4 e6 2. d4 d5 3. exd5 exd5 4. Bd3 Bd6 5. Nf3 Ne7 6. O-O Bf5 7. Re1 O-O 8.
Bg5 f6 9. Be3 Re8 10. Nc3 c6 11. Ne2 Qc7 12. Rc1 a5 13. c4 Bb4 14. Nc3 Qd7 15.
Bf4 Na6 16. a3 Bd6 17. Bxd6 Qxd6 18. cxd5 Bxd3 19. Qxd3 Nxd5 20. Qc4 Nac7 21.
Ne4 Qf4 22. Nc5 b5 23. Qc2 Rxe1+ 24. Rxe1 Re8 25. Rxe8+ {(Draw offer)} Nxe8 26.
Nb7 Qc7 27. Nc5 Nd6 28. g3 Qc8 29. Qe2 Kf7 30. b3 g6 31. Kg2 Qe8 32. Qxe8+ Kxe8
33. Ne1 Nc3 34. Kf3 Nf5 35. Nc2 Ke7 36. h3 a4 37. bxa4 bxa4 38. Nd3 Nb5 39. Ke4
Nfd6+ 40. Kf4 Nc4 41. Nc5 Nb6 42. Ke4 Kd6 43. Nb7+ Kc7 44. Nc5 Kd6 45. Nb7+
1/2-1/2

[Event "4NCL-9899B GD-GUI"]
[Site "Rd5-Birmingham"]
[Date "1999.01.23"]
[Round "5.1"]
[White "Varley, Peter"]
[Black "King, Daniel"]
[Result "0-1"]
[WhiteElo "2273"]
[BlackElo "2506"]
[PlyCount "42"]
[EventDate "1999.01.23"]

1. e4 c5 2. c3 e6 3. d4 d5 4. exd5 exd5 5. Be3 cxd4 6. Bxd4 Nc6 7. Bb5 a6 8.
Ba4 b5 9. Bb3 Nxd4 10. Qxd4 Nf6 11. Ne2 Bd6 12. Qe3+ Be6 13. Nd4 O-O 14. Nxe6
fxe6 15. Qxe6+ Kh8 16. O-O Qb6 17. Qe2 Rae8 18. Qc2 Bxh2+ 19. Kxh2 Ng4+ 20. Kg3
Qd6+ 21. Kxg4 Qf4+ 0-1

[Event "4NCL-9899B GD-GUI"]
[Site "Rd5-Birmingham"]
[Date "1999.01.23"]
[Round "5.2"]
[White "Kinsman, Andrew"]
[Black "Saunders, W Nigel"]
[Result "1-0"]
[WhiteElo "2369"]
[BlackElo "2157"]
[PlyCount "113"]
[EventDate "1999.01.23"]

1. d4 Nf6 2. Bg5 e6 3. e4 h6 4. Bxf6 Qxf6 5. Nc3 Bb4 6. Qd2 c5 7. a3 cxd4 8.
axb4 dxc3 9. bxc3 Nc6 10. b5 Ne5 11. f4 Ng6 12. g3 O-O 13. Nf3 d6 14. Bd3 Qd8
15. O-O Bd7 16. c4 Qb6+ 17. Kg2 Ne7 18. e5 d5 19. cxd5 Nxd5 20. Rfe1 Rfd8 21.
c4 Ne7 22. Qe2 Be8 23. g4 a6 24. bxa6 bxa6 25. f5 exf5 26. gxf5 Bc6 27. f6 Rxd3
28. Qxd3 Ng6 29. Kg3 gxf6 30. Qd4 Qb4 31. Rab1 Qa5 32. Ra1 Qb4 33. c5 Qb3 34.
Re3 Qc2 35. exf6 Qf5 36. h4 a5 37. Rae1 a4 38. Qg4 Qxg4+ 39. Kxg4 a3 40. Nd4
Ra4 41. Rd3 a2 42. Kg3 Be4 43. Rdd1 Ra3+ 44. Kf2 Bb1 45. Rxb1 axb1=Q 46. Rxb1
Rc3 47. c6 Ne5 48. Rb7 Nxc6 49. Rc7 Rh3 50. Nxc6 Rxh4 51. Kg3 Ra4 52. Ne5 Ra3+
53. Kf4 Ra4+ 54. Kf5 Ra1 55. Rxf7 Rf1+ 56. Ke6 h5 57. Rg7+ 1-0

[Event "4NCL-9899B GD-GUI"]
[Site "Rd5-Birmingham"]
[Date "1999.01.23"]
[Round "5.3"]
[White "Borg, Andy"]
[Black "Povah, Nigel"]
[Result "0-1"]
[WhiteElo "2150"]
[BlackElo "2325"]
[PlyCount "62"]
[EventDate "1999.01.23"]

1. d4 Nf6 2. c4 e6 3. Nf3 c5 4. g3 cxd4 5. Nxd4 d5 6. Bg2 e5 7. Nf3 d4 8. O-O
Nc6 9. e3 Bc5 10. exd4 exd4 11. Re1+ Be6 12. Ng5 O-O 13. Nxe6 fxe6 14. Nd2 e5
15. Bxc6 bxc6 16. Rxe5 Bd6 17. Re1 Qd7 18. Kg2 Rae8 19. Rxe8 Qxe8 20. Nf3 c5
21. b4 Qc6 22. bxc5 Bxc5 23. Kg1 Ng4 24. Bf4 Qg6 25. Qd2 d3 26. Rf1 Qe4 27. h3
Nxf2 28. Kg2 g5 29. Rxf2 Bxf2 30. Qxf2 gxf4 31. g4 Qe3 0-1

[Event "4NCL-9899B GD-GUI"]
[Site "Rd5-Birmingham"]
[Date "1999.01.23"]
[Round "5.4"]
[White "Thompson, Ian"]
[Black "Powell, J Lloyd"]
[Result "1/2-1/2"]
[WhiteElo "2278"]
[BlackElo "2152"]
[PlyCount "81"]
[EventDate "1999.01.23"]

1. c4 g6 2. Nc3 Bg7 3. g3 e5 4. Bg2 Nc6 5. Rb1 a5 6. a3 f5 7. d3 Nf6 8. b4 axb4
9. axb4 d6 10. b5 Ne7 11. Nf3 O-O 12. O-O h6 13. Bb2 g5 14. Ra1 Rb8 15. c5 Be6
16. Na4 b6 17. cxd6 cxd6 18. Nd2 Nd7 19. Nc4 d5 20. Nd2 Nc5 21. Ba3 Nb7 22. Qb3
Nd6 23. Qb4 Ndc8 24. Rac1 Qd7 25. f4 e4 26. d4 gxf4 27. gxf4 Kh7 28. Rc2 Rg8
29. Rfc1 Rb7 30. e3 Bf8 31. Qb2 Nd6 32. Bc5 Nec8 33. Bxd6 Nxd6 34. Rc6 Qe8 35.
Rc7+ Rxc7 36. Rxc7+ Kh8 37. Nxb6 Nxb5 38. Rc2 Na3 39. Rc1 Nb5 40. Rc2 Na3 41.
Rc1 1/2-1/2

[Event "4NCL-9899B GD-GUI"]
[Site "Rd5-Birmingham"]
[Date "1999.01.23"]
[Round "5.5"]
[White "Heymann, Ulrike"]
[Black "Granat, Russell"]
[Result "1/2-1/2"]
[WhiteElo "2115"]
[BlackElo "2255"]
[PlyCount "153"]
[EventDate "1999.01.23"]

1. e4 Nc6 2. d4 e5 3. d5 Nce7 4. Nf3 Ng6 5. h4 h5 6. Nc3 Nf6 7. Bg5 Be7 8. Qd2
d6 9. g3 a6 10. Bg2 c5 11. dxc6 bxc6 12. O-O Be6 13. Rfe1 Qd7 14. Na4 Rb8 15.
Qe2 Qc8 16. b3 Bg4 17. c4 Nf8 18. c5 dxc5 19. Qc2 Bxf3 20. Bxf3 Ne6 21. Qc3 Nd4
22. Bg2 O-O 23. Kh1 Re8 24. Nxc5 Bxc5 25. Qxc5 Rb5 26. Qc4 Qe6 27. Rac1 Qxc4
28. Rxc4 Ra5 29. a4 Nxb3 30. Be3 Nd7 31. Rxc6 Rxa4 32. Bf1 Nd4 33. Rxa6 Rxa6
34. Bxa6 Nc5 35. Bb5 Rb8 36. Bc4 Nc2 37. Re2 Rb1+ 38. Kh2 Nxe3 39. Rxe3 Rc1 40.
Bd5 Kf8 41. Ra3 Re1 42. Ra8+ Ke7 43. Ra7+ Nd7 44. Kg2 f6 45. Kf3 Kd6 46. Bf7 f5
47. exf5 e4+ 48. Kg2 Nf6 49. Bg6 Re2 50. Kf1 Rb2 51. Rxg7 Rb1+ 52. Kg2 Rb2 53.
Ra7 Nd5 54. Ra6+ Kc5 55. f6 e3 56. f7 Rxf2+ 57. Kg1 Nc3 58. Bxh5 Ne4 59. Ra8 e2
60. Bxe2 Rxf7 61. Rg8 Kd4 62. Bh5 Ra7 63. Bf3 Ra1+ 64. Kh2 Ra2+ 65. Bg2 Nf6 66.
Rg6 Ke5 67. Kh3 Ra3 68. Rg5+ Ke6 69. h5 Ra7 70. Rb5 Kf7 71. Kh4 Ra4+ 72. Kh3
Ra7 73. Bd5+ Kg7 74. Be6 Kh6 75. g4 Ne4 76. Kh4 Ra1 77. Kh3 1/2-1/2

[Event "4NCL-9899B GD-GUI"]
[Site "Rd5-Birmingham"]
[Date "1999.01.23"]
[Round "5.6"]
[White "Anderton, Matthew"]
[Black "Vaughan, David"]
[Result "1-0"]
[WhiteElo "2273"]
[BlackElo "2065"]
[PlyCount "37"]
[EventDate "1999.01.23"]

1. e4 e5 2. Nf3 Nc6 3. Bb5 Nd4 4. Nxd4 exd4 5. Bc4 Nf6 6. O-O d5 7. exd5 Bd6 8.
d3 c6 9. dxc6 Qc7 10. Re1+ Kf8 11. Bg5 Bxh2+ 12. Kh1 bxc6 13. Bxf6 gxf6 {
(Draw offer)} 14. Qh5 Bf4 15. g3 Rg8 16. gxf4 c5 17. Qh6+ Rg7 18. Rg1 Bb7+ 19.
Kh2 1-0

[Event "4NCL-9899B GD-GUI"]
[Site "Rd5-Birmingham"]
[Date "1999.01.23"]
[Round "5.7"]
[White "Fletcher, John"]
[Black "Norman, Ken"]
[Result "0-1"]
[WhiteElo "2100"]
[BlackElo "2172"]
[PlyCount "48"]
[EventDate "1999.01.23"]

1. d4 Nf6 2. Nc3 d5 3. e4 dxe4 4. f3 exf3 5. Nxf3 e6 6. Bg5 Be7 7. Qd2 O-O 8.
Bd3 Nc6 9. O-O-O Nb4 10. Bc4 Nbd5 11. Rhe1 c6 12. Qf2 Nxc3 13. bxc3 Nd5 14.
Bxe7 Qxe7 15. Kb2 b5 16. Bxd5 cxd5 17. Ne5 Bd7 18. Re3 Rab8 19. Rg3 b4 20. c4
dxc4 21. Nxc4 Rfc8 22. Ne5 Ba4 23. Rd2 Rc3 24. Qf4 Rbc8 0-1

[Event "4NCL-9899B GD-GUI"]
[Site "Rd5-Birmingham"]
[Date "1999.01.23"]
[Round "5.8"]
[White "Norman, Dinah"]
[Black "Adams, Mark"]
[Result "1/2-1/2"]
[WhiteElo "2064"]
[BlackElo "2035"]
[PlyCount "60"]
[EventDate "1999.01.23"]

1. d4 d5 2. Nf3 Nf6 3. e3 Bf5 4. c4 c6 5. Qb3 Qc7 6. Nc3 e6 7. Bd2 Nbd7 8. Rc1
Qb8 9. cxd5 exd5 10. Be2 Bd6 11. h3 O-O 12. O-O h6 13. Na4 Re8 14. Bb4 Bxb4 15.
Qxb4 Ne4 16. Nc5 Nexc5 17. dxc5 Qc7 18. Nd4 Bh7 19. Qd2 Nf6 20. b4 Ne4 21. Qb2
a6 22. a4 Nf6 23. b5 axb5 24. axb5 Reb8 25. b6 Qe7 26. Qb4 Nd7 27. Bg4 Ne5 28.
Be2 Nd7 29. Bg4 Ne5 30. Be2 Nd7 1/2-1/2

[Event "4NCL-9899B IK2-COU"]
[Site "Rd5-Birmingham"]
[Date "1999.01.23"]
[Round "5.1"]
[White "Alfred, Nathan"]
[Black "Houska, Miroslav"]
[Result "0-1"]
[WhiteElo "2215"]
[BlackElo "2375"]
[PlyCount "62"]
[EventDate "1999.01.23"]

1. e4 e5 2. Nf3 d6 3. d4 exd4 4. Nxd4 g6 5. g3 Bg7 6. Bg2 Nc6 7. c3 Bd7 8. O-O
Nf6 9. Re1 O-O 10. h3 Re8 11. Na3 a5 12. Nac2 a4 13. Bd2 Qc8 14. Kh2 Ne5 15.
Qe2 d5 16. f4 Nc4 17. e5 c5 18. b3 Nxd2 19. Qxd2 Ne4 20. Bxe4 dxe4 21. Ne2 Bxh3
22. Ne3 Be6 23. c4 f6 24. exf6 Bxf6 25. Rad1 axb3 26. axb3 Ra6 27. Nd5 Bg7 28.
Nec3 Bg4 29. Ra1 Rxa1 30. Rxa1 Qf5 31. Kg1 Bd4+ 0-1

[Event "4NCL-9899B IK2-COU"]
[Site "Rd5-Birmingham"]
[Date "1999.01.23"]
[Round "5.2"]
[White "Wall, Tim"]
[Black "Cooper, Andrew G"]
[Result "1-0"]
[WhiteElo "2351"]
[BlackElo "2145"]
[PlyCount "79"]
[EventDate "1999.01.23"]

1. e4 e6 2. d4 d5 3. Nd2 Nf6 4. e5 Nfd7 5. c3 c5 6. Ngf3 Nc6 7. Bd3 f6 8. exf6
Qxf6 9. O-O Bd6 10. c4 O-O 11. Nb3 Nxd4 12. Nbxd4 cxd4 13. Bg5 Qf7 14. Nxd4 Nc5
15. Bc2 dxc4 16. Nb5 Bb8 17. Qd4 a6 18. Nd6 Qc7 19. Rad1 b5 20. Qh4 h6 21. Be7
g5 22. Bxg5 Nd3 23. Be7 Rf4 24. Qg3+ Kh8 25. Nxc8 Qxc8 26. Bxd3 cxd3 27. Rxd3
Rxf2 28. Qxf2 Ba7 29. Bf6+ Kh7 30. Bd4 Bxd4 31. Rxd4 Ra7 32. Qd2 Qc5 33. b4 Qb6
34. Qd3+ Kg8 35. Kh1 Re7 36. Rg4+ Rg7 37. Qg3 Rxg4 38. Qxg4+ Kh7 39. Rf7+ Kh8
40. Qg7# 1-0

[Event "4NCL-9899B IK2-COU"]
[Site "Rd5-Birmingham"]
[Date "1999.01.23"]
[Round "5.3"]
[White "Gurr, Lyndon"]
[Black "Dunworth, Chris"]
[Result "1/2-1/2"]
[WhiteElo "2120"]
[BlackElo "2305"]
[PlyCount "155"]
[EventDate "1999.01.23"]

1. d4 g6 2. c4 Bg7 3. e4 Nc6 4. Nf3 d6 5. Be2 Bg4 6. Be3 e5 7. d5 Bxf3 8. Bxf3
Nd4 9. Nd2 c5 10. dxc6 bxc6 11. Qa4 Ne7 12. Bxd4 exd4 13. e5 O-O 14. exd6 Qxd6
15. Ne4 Qf4 16. O-O Rfd8 17. Qa3 Nf5 18. g3 Qc7 19. b4 d3 20. Rad1 Rd4 21. Rxd3
Rxc4 22. Qb3 Rd4 23. Rfd1 Rad8 24. Bg2 Qd7 25. Nc5 Qd6 26. h4 a5 27. a3 axb4
28. axb4 Qf6 29. Qa4 Rxd3 30. Rxd3 Nd4 31. Qd1 Re8 32. Be4 Ra8 33. Kg2 Ra2 34.
Rd2 {(Draw offer)} Rxd2 35. Qxd2 Bf8 36. Qc3 Qe5 37. f4 Qd6 38. Bd3 Qd5+ 39.
Be4 Qa2+ 40. Kh3 Bg7 41. Qe3 Qa8 42. Bg2 Qb8 43. Nd3 h5 44. Kh2 Bf6 45. Qe4 Kg7
46. Bh3 Qb5 47. Bg2 Qc4 48. Ne5 Qxb4 49. Nxc6 Nxc6 50. Qxc6 Bxh4 51. gxh4 Qxf4+
52. Kg1 Qd4+ 53. Kf1 Qxh4 54. Qd7 Qf4+ 55. Kg1 g5 56. Qd5 h4 57. Qd8 Qe3+ 58.
Kh2 Qg3+ 59. Kh1 Qe1+ 60. Kh2 Qe5+ 61. Kh1 Qf6 62. Qd7 Qa1+ 63. Kh2 Qe5+ 64.
Kh1 Qe1+ 65. Kh2 Qg3+ 66. Kh1 g4 67. Qf5 f6 68. Be4 Qe1+ 69. Kh2 Qe2+ 70. Kh1
Qd1+ 71. Kh2 Qd2+ 72. Kh1 Qc1+ 73. Kh2 Qb2+ 74. Kh1 Qa1+ 75. Kg2 Qb2+ 76. Kh1
Qc1+ 77. Kh2 Qd2+ 78. Kh1 1/2-1/2

[Event "4NCL-9899B IK2-COU"]
[Site "Rd5-Birmingham"]
[Date "1999.01.23"]
[Round "5.4"]
[White "Swanson, Stephen"]
[Black "Richards, Heather"]
[Result "1-0"]
[WhiteElo "2260"]
[BlackElo "2085"]
[PlyCount "72"]
[EventDate "1999.01.23"]

1. e4 e6 2. d4 d5 3. e5 c5 4. c3 Nc6 5. Be3 cxd4 6. cxd4 Nge7 7. Nf3 Bd7 8. Nc3
Ng6 9. h4 Be7 10. h5 Nf8 11. a3 Na5 12. Nd2 Rc8 13. Rc1 f6 14. Qg4 Kf7 15. Rh3
b5 16. h6 g6 17. exf6 Bxf6 18. Rf3 e5 19. Qg5 Bf5 20. Rxf5 gxf5 21. Qxf5 Qd7
22. Qh5+ Ng6 23. dxe5 Bxe5 24. Qf3+ Bf6 25. Rd1 Qe6 26. Nxd5 Ne5 27. Qh5+ Ng6
28. Nxf6 Qxf6 29. Qxb5 Rhd8 30. Qxa5 Qxb2 31. Qf5+ Qf6 32. Qb1 Re8 33. Qb3+ Kf8
34. Qb4+ Kf7 35. Ne4 Rxe4 36. Qxe4 Qc3+ {time} 1-0

[Event "4NCL-9899B IK2-COU"]
[Site "Rd5-Birmingham"]
[Date "1999.01.23"]
[Round "5.5"]
[White "Taylor, Martin"]
[Black "Ledger, David"]
[Result "0-1"]
[WhiteElo "2070"]
[BlackElo "2208"]
[PlyCount "56"]
[EventDate "1999.01.23"]

1. c4 e5 2. g3 Nc6 3. Bg2 d6 4. Nc3 Be6 5. d3 Qd7 6. e4 g6 7. f4 Bg7 8. Nf3
Nge7 9. Be3 Bh3 10. O-O Bxg2 11. Kxg2 O-O 12. Qd2 f5 13. Rfe1 exf4 14. Bxf4 Ne5
15. Rf1 N7c6 16. Rae1 Nxf3 17. Rxf3 Rae8 18. Rff1 Nd4 19. Bh6 fxe4 20. Nxe4
Rxf1 21. Rxf1 Nf5 22. Bxg7 Qxg7 23. g4 Qd4 24. Qf2 Rxe4 25. dxe4 Qxe4+ 26. Kh3
h5 27. Qf4 hxg4+ 28. Kxg4 Qg2+ 0-1

[Event "4NCL-9899B IK2-COU"]
[Site "Rd5-Birmingham"]
[Date "1999.01.23"]
[Round "5.6"]
[White "Rosen, Daniel"]
[Black "Lock, Gavin"]
[Result "1-0"]
[WhiteElo "2228"]
[BlackElo "2113"]
[PlyCount "91"]
[EventDate "1999.01.23"]

1. e4 e6 2. d4 d5 3. Nc3 Bb4 4. Nge2 dxe4 5. a3 Bxc3+ 6. Nxc3 Nc6 7. Bb5 Nge7
8. Be3 O-O 9. Qd2 f5 10. O-O-O a6 11. Bxc6 Nxc6 12. f3 exf3 13. gxf3 e5 14. Qg2
Nxd4 15. f4 Bd7 16. Rhg1 Ne6 17. Qxb7 exf4 18. Bf2 Qe8 19. Rde1 Qf7 20. Qf3
Rad8 21. Bh4 Rb8 22. Ne2 Kh8 23. Nxf4 Rfe8 24. Nd3 Nd4 25. Qf2 Nc6 26. Qg3
Rxe1+ 27. Rxe1 Re8 28. Qxc7 Rxe1+ 29. Bxe1 Be8 30. Qc8 a5 31. Bc3 h6 32. Nf4
Ne7 33. Qc5 Kh7 34. Qxa5 Qc4 35. Qe5 Qf7 36. Nh5 Ng6 37. Qxg7+ Qxg7 38. Nxg7
Bd7 39. Nh5 Be6 40. Kd2 f4 41. Nf6+ Kg7 42. a4 Kf7 43. a5 Bc4 44. b3 Ba6 45.
Nd5 f3 46. Ke3 1-0

[Event "4NCL-9899B IK2-COU"]
[Site "Rd5-Birmingham"]
[Date "1999.01.23"]
[Round "5.7"]
[White "Noakes, Matthew"]
[Black "Ledger, Stephen"]
[Result "0-1"]
[WhiteElo "2016"]
[BlackElo "2165"]
[PlyCount "58"]
[EventDate "1999.01.23"]

1. d4 Nf6 2. c4 c5 3. d5 b5 4. cxb5 a6 5. e3 g6 6. Nc3 Bg7 7. e4 d6 8. f4 O-O
9. Nf3 Qb6 10. a4 axb5 11. Bxb5 Ba6 12. Rb1 Bxb5 13. axb5 Nbd7 14. Nd2 Ne8 15.
Nc4 Qb7 16. O-O Nc7 17. Qb3 Nb6 18. f5 Nxc4 19. Qxc4 Ra5 20. b4 cxb4 21. Rxb4
Rc8 22. Bd2 Na6 23. bxa6 Qa7+ 24. Kh1 Rxc4 25. Rxc4 Qxa6 26. Nb5 Rxb5 27. Rfc1
Rc5 28. Rxc5 dxc5 29. g4 Qd3 0-1